| 000 | 00955cam a22002651 4500 | ||
|---|---|---|---|
| 001 | 31964 | ||
| 003 | BD-RjUL | ||
| 005 | 20211209051755.0 | ||
| 008 | 140423r19711967nju b 001 0 eng d | ||
| 035 | _a(BD-RjUL)32053 | ||
| 035 | _a(OCoLC)6567091 | ||
| 040 |
_aDLC _cNjTS _dOCoLC _dDLC _dBD-RJUL _beng |
||
| 041 | _aeng | ||
| 082 | 0 | 4 |
_a200.1 _bREL 1971 |
| 245 | 1 | 0 |
_aReligion in philosophical and cultural perspective : _ba new approach to the philosophy of religion through cross-disciplinary studies / _cedited by J. Clayton Feaver and William Horosz. |
| 260 |
_aPrinceton, N.J. : _bVan Nostrand, _cc1967 [East west student eddition 1971]. |
||
| 300 |
_axiv, 504 p. ; _c24 cm. |
||
| 504 | _aIncludes bibliographical reference and index. | ||
| 650 | 0 |
_aReligion _xPhilosophy. _94031 |
|
| 700 | 1 |
_aHorosz, William, _ejoint author. _997314 |
|
| 700 | 1 |
_aFeaver, J. Clayton. _997315 |
|
| 942 |
_2ddc _cBK |
||
| 999 |
_c31964 _d31964 |
||